Mecánica de materiales

Gespeichert in:
Bibliographische Detailangaben
Hauptverfasser: Timoshenko, Stephen P (VerfasserIn), Gere, James M (VerfasserIn)
Format: Buch
Sprache:Spanisch
Veröffentlicht: Ciudad de México UTEHA 1974
Schlagworte:
Tags: Tag hinzufügen
Keine Tags, Fügen Sie den ersten Tag hinzu!

MARC

LEADER 00000nam a2200000 a 4500
001 UCV6019
003 CL-VaPUC
008 930907e19740000MX |||||||||||||||||spa|d
082 0 4 |a 620.1123  |b TIM  |2 21 
100 0 |a Timoshenko, Stephen P  |e author  |9 300245 
700 |a Gere, James M  |e author  |9 554166 
245 1 0 |a Mecánica de materiales 
300 |a 618 p 
942 |c BK 
945 |d 19930907 00:00:00 
260 |a Ciudad de México  |b UTEHA  |c 1974 
650 0 |a Resistencia de materiales  |9 260095 
583 |a last modification  |c 19930907 00:00:00  |k Rodrigo Vera 
999 |c 212282  |d 212280 
952 |0 0  |1 0  |4 0  |6 620_112300000000000_TIM_1974  |7 0  |8 A  |9 192931  |a BIBMEC  |b BIBMEC  |d 2019-11-14  |i 1328638  |o 620.1123 TIM 1974  |p 1328638  |r 2024-01-19  |w 2019-11-14  |y BK  |k MEC 
952 |0 0  |1 0  |4 0  |6 620_112300000000000_TIM_1974  |7 0  |8 A  |9 192932  |a BIBMEC  |b BIBMEC  |d 2019-11-14  |i 1328689  |o 620.1123 TIM 1974  |p 1328689  |r 2024-01-19  |w 2019-11-14  |y BK  |k MEC